000 00485ntaaa2200193 4500
003 01
005 20251027202145.0
008 0714s1973 ag 01
040 _aAR-BaBN
_bspa
_cAR-BaBN
_eaacr
_dRIC
082 _a264.1000 C16
100 _aCanclini, Arnoldo
_938
245 _aContigo, Señor
250 _a1 ed.
260 _aBuenos Aires :
_bArgenPress S.R.L.,
_c1969
300 _a49 p
500 _aOraciones de un hombre del siglo XX
650 _aoración
_91331
942 _cBK
999 _c16534
_d16534